000 01088nam a22003017a 4500
003 DO-SdBNP
005 20231206092556.0
008 210426b 2018 dr 00| 0 spa d
020 _a9789945176117
040 _aBPMSU
_bspa
_cBPMSU
082 4 _aRD863.5
_bF359u 2018
_222
092 _a
100 1 _aFermín, Juan
_d
245 1 0 _aUn trabajo en equipo /
_cJuan Fermín ; ilustración: Eduard Severino ; investigación: Laura V. Sánchez-Vincitore ; coordinación pedagógica: Cledenin Veras
260 _aSanto Domingo:
_bBuho,
_c2016
300 _a39 p. :
_c21 cm.
505 0 _a Tipologías textuales -- Narración literaria -- Mensajes de textos
590 _aInventariado, 2023/VM
650 4 _aCuentos juveniles dominicanos
650 4 _aLiteratura juvenil dominicana
650 4 _aRedes sociales
_vCuentos juveniles.
650 4 _aLiteratura juvenil dominicana
700 1 _3Severino, Eduard
_eils.
700 1 _3Veras, Cledenin
_ecoord.
700 1 _aSánchez-Vincitore, Laura V.
_e investigador
910 _aVMateo V. Control de calidad. BPMSU
942 _2ddc
_cBK
999 _c14496
_d14496